Giáo trình hệ cơ sở dữ liệu đa phương tiện
Nội dung sách trình bày các khái niệm cơ bản về đa phương tiện; cấu trúc dữ liệu đa chiều; cơ sở dữ liệu ảnh; cơ sở dữ liệu văn bản; cơ sở dữ liệu âm thanh và video; kiến trúc cơ sở dữ liệu đa phương tiện....
Đã lưu trong:
| Tác giả chính: | |
|---|---|
| Tác giả khác: | |
| Định dạng: | Sách |
| Ngôn ngữ: | Vietnamese |
| Được phát hành: |
Cần Thơ
Nxb. Đại học Cần Thơ
2015
|
| Những chủ đề: | |
| Các nhãn: |
Thêm thẻ
Không có thẻ, Là người đầu tiên thẻ bản ghi này!
|
| Thư viện lưu trữ: | Thư viện Trường Đại học Nam Cần Thơ |
|---|
| LEADER | 01229nam a22002057a 4500 | ||
|---|---|---|---|
| 001 | NCT_89542 | ||
| 008 | 210417b xxu||||| |||| 00| 0 vie d | ||
| 999 | |c 4415 |d 4415 | ||
| 020 | |a 9786049192777 |c 66500 | ||
| 082 | 0 | 4 | |2 23rd ed. |a 005.74 |b D304 |
| 100 | 1 | |a Phạm Thị Ngọc Diễm |e Chủ biên | |
| 245 | 1 | 0 | |a Giáo trình hệ cơ sở dữ liệu đa phương tiện |c Phạm Thị Ngọc Diễm (Chủ biên); Lê Đức Thắng |
| 260 | |a Cần Thơ |b Nxb. Đại học Cần Thơ |c 2015 | ||
| 300 | |a 170 tr. |b Minh họa |c 24cm | ||
| 520 | 3 | |a Nội dung sách trình bày các khái niệm cơ bản về đa phương tiện; cấu trúc dữ liệu đa chiều; cơ sở dữ liệu ảnh; cơ sở dữ liệu văn bản; cơ sở dữ liệu âm thanh và video; kiến trúc cơ sở dữ liệu đa phương tiện. | |
| 653 | |a Công nghệ thông tin | ||
| 700 | 1 | |a Lê Đức Thắng | |
| 942 | |2 ddc |c BK | ||
| 952 | |0 0 |1 0 |2 ddc |4 0 |6 005_740000000000000_D304 |7 0 |9 21199 |a 000001 |b 000001 |d 2021-04-17 |o 005.74 D304 |p MD.18480 |r 2021-04-17 |v 66500.00 |w 2021-04-17 |y BK | ||
| 980 | |a Thư viện Trường Đại học Nam Cần Thơ | ||


